[Event "CZE-ch Open 2018"]
[Site "Ostrava"]
[Date "2018.05.03"]
[Round "6"]
[White "Velicka, Petr"]
[Black "Kislinsky, Alexey"]
[Result "0-1"]
[WhiteElo "2412"]
[BlackElo "2509"]
[Annotator "TA"]
[PlyCount "164"]
[EventDate "2018.??.??"]
[EventCountry "CZE"]
[SourceTitle "playchess.com"]
[Source "ChessBase"]
[SourceQuality "1"]

{[%evp 14,164,0,-21,9,33,22,12,37,27,27,20,20,9,0,-49,-43,-57,-42,-47,-27,-27,24,0,97,30,23,28,26,40,41,41,30,45,14,-17,-23,-24,-30,-75,-75,-74,-27,-31,-33,-268,-268,-268,-268,-268,-268,-261,-254,-261,-254,-245,-237,-239,-238,-691,-647,-937,-811,-804,-417,-413,-195,-170,-159,-147,-147,-151,0,-133,-96,-96,-96,-96,-96,-96,-96,-96,-96,-113,-113,-113,-113,-113,-110,-110,-110,-117,-117,-117,-117,-117,-117,-118,-110,-110,-110,-110,-110,-110,-110,-110,-110,-110,-110,-110,-110,-110,-110,-110,-110,-118,-23,-23,0,-12845,-12845,-12845,-12846,-12848,-12848,-12849,-12849,-12850,-12850,-12850,-29979,-12851,-29980,-12851,-29979,-12851,-29980,-29980,-29980,-29981,-29982,-29985,-29983,-29989,-29989,-29992,-29991,-29993,-29994,-29994,-29995,-29997,-29996]} 1. e4 c5 2. Nf3 Nc6 3. Bb5 g6 4. O-O Bg7 5. Re1 e5 6. c3 Nge7 7. a3 O-O {B31: Sicilian: 2...Nc6 3 Bb5 g6} 8. b4 {LiveBook: 12 Games} a6 $146 ({Predecessor:} 8... d5 9. bxc5 dxe4 10. Ng5 Qd5 11. Nxe4 Bf5 12. d3 Bxe4 13. dxe4 Qxc5 14. a4 Na5 15. Ba3 {1-0 (62) Rozentalis,E (2618)-Komarov,D (2521) Guingamp 2010}) 9. Bxc6 Nxc6 {White is slightly better.} 10. bxc5 d6 11. cxd6 Qxd6 12. a4 {Ba3 is the strong threat.} Rd8 13. Ba3 Qc7 14. d3 Be6 15. Qc2 Nd4 16. Nxd4 exd4 17. c4 Qa5 (17... b5 $142) 18. Rd1 (18. Rc1 {feels hotter.} b5 19. Qd2 Qxd2 20. Nxd2 Bh6 21. Rc2) 18... Rac8 (18... b5 $11 19. axb5 axb5) 19. Bb2 ({White should try} 19. Nd2 $16) 19... Qh5 $1 $11 20. Nd2 b5 21. axb5 axb5 22. Ra5 Be5 23. Nf1 Bc7 24. Raa1 bxc4 25. dxc4 Be5 $36 {[%mdl 2048] Black is pushing.} 26. Ng3 Qg5 27. Qd2 Bf4 28. Qe1 Rxc4 {White must now prevent ...d3.} 29. Bc1 $2 (29. Ne2 $1 $15) 29... Bxc1 $19 30. Rdxc1 d3 31. Rxc4 d2 $1 {[%cal Rd2e1]} ({Less strong is} 31... Bxc4 32. Qb4 $17) 32. Qf1 Bxc4 33. Qxc4 {Threatens to win with Rd1.} d1=Q+ 34. Rxd1 Rxd1+ {[%mdl 4096] Endgame KQR-KQN} 35. Nf1 Qe5 36. f3 $2 (36. Qe2 Qa1 37. g3) 36... Qb2 37. h3 Rc1 38. Qd3 h5 39. h4 Qb6+ (39... Rc2 $142 40. Qd8+ Kg7) 40. Kh2 Qf2 41. Qd8+ Kg7 42. Ng3 {Threatening Nxh5+!} Qc5 $2 {[#]} (42... Qe3 $1 $17 {And now ...Rc2 would win.} 43. Kh3 Rc2) 43. Qd2 (43. Nf5+ $1 $11 {[%mdl 512]} Kh7 (43... gxf5 44. Qg5+) 44. Qf6 gxf5 45. Qxf7+ Kh8 46. Qxh5+ Kg7 47. Qg5+ Kf7 48. exf5) 43... Kh7 44. Qf4 Qc7 45. Ne2 Kg7 46. Qxc7 Rxc7 $17 {KR-KN} 47. Nf4 Rc2 48. Nh3 Kf6 49. Ng5 Rc7 50. f4 Rc3 51. g3 Rc2+ 52. Kh3 Re2 53. e5+ Ke7 54. Nh7 Ra2 55. Ng5 f6 56. exf6+ Kxf6 57. Ne4+ Kf5 58. Nd6+ Ke6 59. Ne4 Re2 60. Ng5+ Kf5 61. Nf3 Rb2 62. Ne5 Ra2 63. Nc4 Ke4 64. Ne5 {[#]} Ke3 (64... Ra6 $1 $17 65. Kg2 Ra2+ 66. Kh3 Kf5) 65. Nxg6 $11 Kf2 66. Kh2 $2 {[%mdl 8192]} (66. Ne5 $11) 66... Kf1+ $19 67. Kh1 Rg2 68. Ne5 Kf2 69. Nd7 Kxg3 {( -> ...Rd2)} 70. Nf6 Rh2+ 71. Kg1 Rxh4 72. f5 Kf4 73. Kg2 Kg5 (73... Kxf5 $19 74. Kg3 Rd4 75. Nxh5 Kg5) 74. Nd5 Kxf5 75. Ne3+ {Black mates.} Kg5 76. Kg3 Ra4 77. Ng2 Ra3+ 78. Kh2 Kg4 79. Ne1 Ra2+ 80. Ng2 Re2 81. Kg1 Kg3 82. Kh1 h4 {Precision: White = 56%, Black = 67%.} 0-1

[Event "CZE-ch Open 2018"]
[Site "Ostrava"]
[Date "2018.05.03"]
[Round "6"]
[White "Zwardon, Vojtech"]
[Black "Cernousek, Lukas"]
[Result "1-0"]
[WhiteElo "2409"]
[BlackElo "2464"]
[Annotator "TA"]
[PlyCount "101"]
[EventDate "2018.??.??"]
[EventCountry "CZE"]
[SourceTitle "playchess.com"]
[Source "ChessBase"]
[SourceQuality "1"]

{[%evp 16,101,0,0,44,16,12,0,57,4,12,2,20,-17,-31,-15,32,9,21,0,0,0,0,0,0,0,0,0,68,21,20,18,32,39,25,20,19,16,29,0,0,0,0,0,85,62,282,274,262,274,486,483,486,486,465,465,419,291,254,207,207,207,214,214,214,214,214,216,384,368,559,559,548,548,548,559,533,421,397,316,446,435,878,521,850,842,29970,29956]} 1. c4 f5 2. g3 Nf6 3. Bg2 g6 4. Nc3 Bg7 5. e3 O-O 6. Nge2 d6 7. O-O e5 8. b4 c6 9. b5 {LiveBook: 5 Games. A21: English Opening: 1...e5 2 Nc3} c5 (9... Be6 10. d3 d5 11. Ba3 Re8 12. cxd5 cxd5 13. d4 e4 14. Na4 b6 15. Nac3 Nbd7 16. Bd6 Bf8 17. Bxf8 Nxf8 18. a4 g5 {0-1 (56) Ipatov,A (2613)-Guseinov,G (2613) Dubai 2014}) 10. d4 $146 ({Predecessor:} 10. Bb2 Nbd7 11. a4 Kh8 12. a5 e4 13. a6 Ne5 14. axb7 Bxb7 15. Ra4 g5 16. d4 Nf3+ {1-0 (37) Srebrnic,A (2243)-Novosadova,K (2205) Ruzomberok 2014}) 10... e4 11. Ba3 {The position is equal.} b6 (11... Nbd7 $11) 12. Qc2 (12. f3 $14) 12... a6 13. dxc5 dxc5 14. Nf4 axb5 15. Nxb5 Nc6 16. Bb2 Qe7 17. Bxf6 Qxf6 18. Nd5 Qb2 19. Qxb2 Bxb2 20. Nxb6 Ra6 21. Rab1 Bg7 (21... Rxb6 $11 22. Rxb2 Be6) 22. Nd6 Be6 {[#] White must now prevent ...Nb4.} 23. Nb7 $1 {[%cal Rb7c5]} Rxa2 24. Nxc5 Bf7 25. Rfd1 Ne5 26. Ncd7 $36 {[%mdl 2048] White is more active.} Rd8 27. c5 {[%cal Bc4c5,Bc5c6,Bc6b7][%mdl 32]} Rc2 28. Bf1 Nxd7 29. Nxd7 Be6 {[#]} (29... Ba2 $11 {remains equal.} 30. Rb5 Be6) 30. Bb5 $1 $16 Bxd7 $2 (30... Ra8 $14) 31. Bxd7 $18 {Strongly threatening Be6+.} Kf8 32. c6 Be5 $2 (32... Rc5 33. Rdc1 Rxc1+ 34. Rxc1 Ke7) 33. Rd5 Rb8 34. Rb7 Rxb7 35. cxb7 {[%mdl 4096] Endgame KRB-KRB} Bc7 36. Bc8 Rb2 37. g4 f4 38. exf4 Bxf4 39. Rd4 Rb1+ 40. Kg2 g5 41. Rxe4 Kf7 $2 (41... Bb8 {was called for.} 42. h3 Rb2) 42. h4 {[%cal Bh2h4,Bh4h5][%mdl 32]} h6 (42... Kf6 {was worth a try.} 43. hxg5+ Kxg5) 43. Be6+ Kf6 44. Bd5 Rb5 45. h5 Be5 46. Re3 Rb4 47. Kf3 Rb2 (47... Rb6 {keeps fighting.} 48. Re1 Rb2) 48. Bb3 Rb1 (48... Kg7 $142 49. Ke4 Bb8) 49. Kg2 Bb8 50. Re6+ Kg7 51. Rg6+ {Precision: White = 55%, Black = 35%.} 1-0

[Event "CZE-ch Open 2018"]
[Site "Ostrava"]
[Date "2018.05.03"]
[Round "6"]
[White "Bures, Jaroslav"]
[Black "Mikes, Jan"]
[Result "0-1"]
[WhiteElo "2407"]
[BlackElo "2321"]
[Annotator "ChessBase"]
[PlyCount "68"]
[EventDate "2018.??.??"]
[EventCountry "CZE"]
[SourceTitle "playchess.com"]
[Source "ChessBase"]
[SourceQuality "1"]
[TimeControl "40/5400+30:900+30"]

1. d4 {[%emt 0:00:00]} Nf6 {[%emt 0:00:07]} 2. c4 {[%emt 0:00:00]} g6 {[%emt 0:00:05]} 3. Nc3 {[%emt 0:00:13]} Bg7 {[%emt 0:00:05]} 4. e4 {[%emt 0:00:28]} d6 {[%emt 0:00:04]} 5. Nf3 {[%emt 0:00:14]} O-O {[%emt 0:00:10]} 6. Be2 {[%emt 0:00:24]} e5 {[%emt 0:00:05]} 7. O-O {[%emt 0:00:22]} Nc6 {[%emt 0:00:05]} 8. d5 {[%emt 0:00:28]} Ne7 {[%emt 0:00:04]} 9. b4 {[%emt 0:00:10]} Ne8 {[%emt 0:02:31]} 10. c5 {[%emt 0:02:08]} f5 {[%emt 0:01:22]} 11. Nd2 {[%emt 0:02:25]} Nf6 {[%emt 0:00:09]} 12. a4 {[%emt 0:02:08]} f4 {[%emt 0:19:25]} 13. Nc4 {[%emt 0:01:32]} g5 {[%emt 0:00:40]} 14. Ba3 {[%emt 0:00:40]} g4 {[%emt 0:01:24]} 15. cxd6 {[%emt 0:00:05]} cxd6 {[%emt 0:00:03]} 16. b5 {[%emt 0:00:03]} f3 {[%emt 0:01:19]} 17. gxf3 {[%emt 0:00:06]} gxf3 {[%emt 0:00:04]} 18. Bxf3 {[%emt 0:00:07]} Ne8 {[%emt 0:00:07]} 19. Kh1 {[%emt 0:05:19]} Ng6 {[%emt 0:01:30]} 20. Ne3 {[%emt 0:24:17]} Qh4 {[%emt 0:03:22]} 21. Ra2 {[%emt 0:14:37]} Bh3 {[%emt 0:11:55]} 22. Bg2 {[%emt 0:05:56]} Rc8 {[%emt 0:02:08]} 23. Bxh3 {[%emt 0:00:49]} Qxh3 {[%emt 0:00:14]} 24. Nb1 {[%emt 0:11:45]} Rf4 {[%emt 0:30:57]} 25. f3 {[%emt 0:03:56]} Nf6 {[%emt 0:02:20]} 26. Ng2 {[%emt 0:03:48]} Nh5 {[%emt 0:07:58]} 27. Nxf4 {[%emt 0:04:48]} exf4 {[%emt 0:00:04]} 28. Kg1 {[%emt 0:01:30]} Nh4 {[%emt 0:01:07]} 29. Rff2 {[%emt 0:02:57]} Kf7 {[%emt 0:02:22]} 30. Rg2 {[%emt 0:09:45]} Bd4+ {[%emt 0:01:55]} 31. Kf1 {[%emt 0:02:57]} Rg8 {[%emt 0:00:18]} 32. Qc2 {[%emt 0:01:21]} Qxf3+ 33. Rf2 {[%emt 0:00:00]} Rg1+ {[%emt 0:01:30]} 34. Kxg1 {[%emt 0:00:00]} Qg2# {[%emt 0:00:36]} 0-1

[Event "CZE-ch Open 2018"]
[Site "Ostrava"]
[Date "2018.05.03"]
[Round "6"]
[White "Vokac, Marek"]
[Black "Nedela, Vlastimil"]
[Result "1/2-1/2"]
[WhiteElo "2390"]
[BlackElo "2307"]
[Annotator "NA"]
[PlyCount "40"]
[EventDate "2018.??.??"]
[EventCountry "CZE"]
[SourceTitle "playchess.com"]
[Source "ChessBase"]
[SourceQuality "1"]
[TimeControl "40/5400+30:900+30"]

1. d4 {[%emt 0:03:06]} Nf6 {[%emt 0:00:20]} 2. c4 {[%emt 0:00:04]} e6 {[%emt 0:00:19]} 3. Nf3 {[%emt 0:00:06]} d5 {[%emt 0:02:02]} 4. Nc3 {[%emt 0:00:11]} c6 {[%emt 0:00:55]} 5. Bg5 $11 {[%emt 0:00:36]} Nbd7 {[%emt 0:00:34]} 6. Qc2 {[%emt 0:00:25]} Be7 {[%emt 0:01:33]} 7. e3 {[%emt 0:00:32]} O-O {[%emt 0:00:41]} 8. O-O-O {[%emt 0:00:16]} b6 {[%emt 0:13:45]} 9. Kb1 {[%emt 0:16:27]} Bb7 {[%emt 0:09:35]} 10. h4 {[%emt 0:03:36]} Rc8 {[%emt 0:09:57]} 11. cxd5 {[%emt 0:05:44]} cxd5 {[%emt 0:06:43]} 12. Bd3 {[%emt 0:02:49]} Ne4 {[%emt 0:01:57]} 13. Bxe4 {[%emt 0:12:48]} dxe4 {[%emt 0:00:06]} 14. Nd2 {[%emt 0:00:09]} Bxg5 {[%emt 0:17:07]} 15. hxg5 {[%emt 0:00:35]} Qxg5 {[%emt 0:00:04]} 16. Ndxe4 {[%emt 0:01:28]} Bxe4 {[%emt 0:00:40]} 17. Qxe4 {[%emt 0:00:11]} Nf6 {[%emt 0:00:36]} 18. Qf3 {[%emt 0:21:49]} Qg4 {[%emt 0:01:23]} 19. Qxg4 {[%emt 0:02:30]} Nxg4 {[%emt 0:00:02]} 20. Rd2 {[%emt 0:00:08]} f5 {[%emt 0:01:45]} 1/2-1/2

[Event "CZE-ch Open 2018"]
[Site "Ostrava"]
[Date "2018.05.03"]
[Round "6"]
[White "Jasny, Stanislav"]
[Black "Jurek, Josef"]
[Result "1-0"]
[WhiteElo "2379"]
[BlackElo "2264"]
[Annotator "NA"]
[PlyCount "103"]
[EventDate "2018.??.??"]
[EventCountry "CZE"]
[SourceTitle "playchess.com"]
[Source "ChessBase"]
[SourceQuality "1"]
[TimeControl "40/5400+30:900+30"]

1. e4 {[%emt 0:00:00]} e6 {[%emt 0:00:16]} 2. d4 {[%emt 0:00:00]} d5 {[%emt 0:00:13]} 3. exd5 {[%emt 0:00:09]} exd5 {[%emt 0:00:25]} 4. c4 {[%emt 0:00:07]} Nf6 {[%emt 0:01:12]} 5. Nc3 {[%emt 0:00:06]} Be7 {[%emt 0:06:36]} 6. Nf3 {[%emt 0:03:36]} O-O {[%emt 0:01:19]} 7. cxd5 {[%emt 0:00:31]} Nxd5 {[%emt 0:07:42]} 8. Bd3 {[%emt 0:00:25]} Be6 {[%emt 0:05:31] C01: French: Exchange Variation} 9. O-O {[%emt 0:02:27]} Nd7 {[%emt 0:03:10]} 10. Re1 {[%emt 0:00:33]} c6 {[%emt 0:02:56]} 11. a3 {[%emt 0:00:27]} Re8 {[%emt 0:04:22]} 12. h3 {[%emt 0:01:00]} (12. Qc2 Nf8 13. Ne4 Bf5 14. Bg5 Ne6 15. Bxe7 Rxe7 16. Nc5 Bxd3 17. Qxd3 {0-1 (57) Fiebig,T (2424)-Naiditsch,A (2684) Germany 2016}) 12... Nf8 {[%emt 0:02:42]} 13. Ne4 {[%emt 0:14:11]} Qc7 $146 {[%emt 0:02:24]} ({Predecessor:} 13... Ng6 14. Neg5 Bxg5 15. Nxg5 {1-0 (31) Okhotnik,V (2446)-Krivoshey,S (2449) Graz 2001}) 14. Neg5 {[%emt 0:14:52]} Bd6 {[%emt 0:16:44]} 15. Nxe6 {[%emt 0:07:33]} Rxe6 {[%emt 0:04:14]} 16. Rxe6 {[%emt 0:01:08]} Nxe6 {[%emt 0:01:05]} 17. Ng5 {[%emt 0:01:07]} Nxg5 {[%emt 0:01:44]} 18. Bxg5 {[%emt 0:03:14]} Re8 {[%emt 0:04:04]} 19. Qg4 {[%emt 0:06:10]} g6 {[%emt 0:01:30]} 20. Bc4 {[%emt 0:02:14]} Bf8 {[%emt 0:06:16]} 21. Bxd5 {[%emt 0:06:53]} cxd5 {[%emt 0:00:26]} 22. Rc1 {[%emt 0:00:30]} Qd6 {[%emt 0:04:21]} 23. Bf4 {[%emt 0:00:25]} Qe6 {[%emt 0:03:00]} 24. Qxe6 {[%emt 0:00:31]} fxe6 {[%emt 0:02:04]} 25. Rc7 {[%emt 0:09:05]} Re7 {[%emt 0:05:48]} 26. Rc8 {[%emt 0:00:17]} Kg7 {[%emt 0:00:11]} 27. Be5+ {[%emt 0:01:00]} Kg8 {[%emt 0:00:10]} 28. Bd6 {[%emt 0:00:22]} Rf7 {[%emt 0:00:08]} 29. Re8 {[%emt 0:05:52]} b6 {[%emt 0:00:06]} 30. g3 {[%emt 0:01:07]} Kg7 {[%emt 0:05:57]} 31. Bxf8+ {[%emt 0:00:07]} Rxf8 {[%emt 0:00:14]} 32. Rxe6 {[%emt 0:00:04]} Rc8 {[%emt 0:03:17]} 33. Rd6 {[%emt 0:05:44]} Rc2 {[%emt 0:01:33]} 34. Rxd5 {[%emt 0:00:09]} Rxb2 {[%emt 0:00:23]} 35. Rd7+ {[%emt 0:00:11]} Kf6 {[%emt 0:00:08]} 36. Rxa7 {[%emt 0:00:09]} ({Much less strong is} 36. Rxh7 a5) 36... h5 {[%emt 0:00:16]} 37. h4 {[%emt 0:01:10]} Rb3 {[%emt 0:00:39]} 38. Kg2 {[%emt 0:02:17]} Kf5 {[%emt 0:01:29]} 39. Rf7+ {[%emt 0:00:20]} Ke4 {[%emt 0:00:35]} 40. Rf4+ {[%emt 0:02:12]} Kd5 {[%emt 0:15:09]} 41. a4 {[%emt 0:16:51]} Rb4 {[%emt 0:02:17]} 42. Rf6 {[%emt 0:01:51]} Kxd4 {[%emt 0:00:06]} 43. Rxg6 {[%emt 0:01:10]} Kc3 {[%emt 0:02:05]} 44. Rh6 {[%emt 0:00:39]} Kb3 {[%emt 0:00:21]} 45. Rxh5 {[%emt 0:00:33]} Kxa4 {[%emt 0:00:14]} 46. Rh8 {[%emt 0:01:30]} Rc4 {[%emt 0:01:36]} 47. Ra8+ {[%emt 0:00:11]} Kb3 {[%emt 0:01:23]} 48. Rb8 {[%emt 0:00:07]} Rc6 {[%emt 0:00:06]} 49. h5 {[%emt 0:00:46]} Kc4 {[%emt 0:00:06]} 50. g4 {[%emt 0:00:17]} b5 $18 {[%emt 0:00:05]} 51. g5 {[%emt 0:00:40]} Rc5 {[%emt 0:00:17]} 52. f4 {[%emt 0:00:12]} 1-0

[Event "CZE-ch Open 2018"]
[Site "Ostrava"]
[Date "2018.05.03"]
[Round "6"]
[White "Simek, Petr"]
[Black "Tuma, Jiri"]
[Result "1/2-1/2"]
[WhiteElo "2378"]
[BlackElo "2296"]
[Annotator "NA"]
[PlyCount "20"]
[EventDate "2018.??.??"]
[EventCountry "CZE"]
[SourceTitle "playchess.com"]
[Source "ChessBase"]
[SourceQuality "1"]
[TimeControl "40/5400+30:900+30"]

1. d4 {[%emt 0:01:27]} Nf6 {[%emt 0:00:21]} 2. c4 {[%emt 0:00:06]} g6 {[%emt 0:00:17]} 3. g3 {[%emt 0:00:19]} Bg7 {[%emt 0:00:26]} 4. Bg2 {[%emt 0:00:06]} O-O {[%emt 0:00:29]} 5. Nc3 {[%emt 0:00:15]} d6 {[%emt 0:00:28]} 6. Nf3 {[%emt 0:00:27]} c6 {[%emt 0:00:31]} 7. O-O {[%emt 0:00:30]} Qa5 {[%emt 0:00:48]} 8. e4 {[%emt 0:01:28]} Nbd7 {[%emt 0:00:23]} 9. h3 {[%emt 0:00:14]} e5 {[%emt 0:00:26]} 10. Re1 {[%emt 0:00:14]} exd4 {[%emt 0:00:45]} 1/2-1/2

[Event "CZE-ch Open 2018"]
[Site "Ostrava"]
[Date "2018.05.03"]
[Round "6"]
[White "Voloshin, Leonid"]
[Black "Neuman, Petr"]
[Result "1/2-1/2"]
[WhiteElo "2370"]
[BlackElo "2443"]
[Annotator "TA"]
[PlyCount "34"]
[EventDate "2018.??.??"]
[EventCountry "CZE"]
[SourceTitle "playchess.com"]
[Source "ChessBase"]
[SourceQuality "1"]

{[%evp 16,17,6,9]} 1. d4 d5 2. c4 c6 3. cxd5 cxd5 4. Nc3 Nf6 5. Nf3 Nc6 6. Bf4 a6 7. e3 Bg4 8. Be2 e6 9. O-O {LiveBook: 465 Games} {Predecessor:} Be7 $146 10. Rc1 Nd7 11. h3 Bh5 12. Qb3 Qb6 13. Nd2 Bxe2 14. Nxe2 Qxb3 15. Nxb3 f6 16. a3 Kf7 17. Rc2 Nb6 {0-1 (56) Melkumyan,H (2633)-Carlsen,M (2837) Riadh 2017} 1/2-1/2

[Event "CZE-ch Open 2018"]
[Site "Ostrava"]
[Date "2018.05.03"]
[Round "6"]
[White "Rubes, Jan"]
[Black "Riha, Vojtech"]
[Result "0-1"]
[WhiteElo "2337"]
[BlackElo "2141"]
[Annotator "NA"]
[PlyCount "76"]
[EventDate "2018.??.??"]
[EventCountry "CZE"]
[SourceTitle "playchess.com"]
[Source "ChessBase"]
[SourceQuality "1"]
[TimeControl "40/5400+30:900+30"]

1. Nf3 {[%emt 0:00:00]} b6 {[%emt 0:00:43]} 2. g3 {[%emt 0:06:41]} Bb7 {[%emt 0:00:05]} 3. Bg2 {[%emt 0:00:04]} Nf6 {[%emt 0:00:40]} 4. c4 {[%emt 0:00:08]} e5 {[%emt 0:01:33]} 5. Nc3 {[%emt 0:02:21]} d6 {[%emt 0:05:18] A15: English Opening: 1...Nf6} (5... Bb4 6. Qc2 O-O 7. O-O Re8 8. d3 Bxc3 9. Qxc3 d5 10. cxd5 Nxd5 11. Qc2 Nc6 12. a3 a5 13. e3 {½-½ (42) Karpov,A (2674)-Kortschnoj,V (2617) Mainz 2005}) 6. O-O {[%emt 0:00:20]} Be7 {[%emt 0:00:35]} 7. d4 {[%emt 0:00:38]} Nbd7 {[%emt 0:01:26]} 8. Re1 {[%emt 0:12:00]} Rb8 $146 {[%emt 0:10:02]} ({Predecessor:} 8... Qb8 9. e4 O-O 10. b3 a6 11. Nd5 Nxd5 12. cxd5 Rd8 13. Ba3 Bf6 14. Rc1 Ra7 15. Rc2 {1-0 (46) Stojanovic,M (2557)-Abramovic,B (2491) Vrnjacka Banja 2010}) 9. e4 {[%emt 0:00:44]} O-O {[%emt 0:01:28]} 10. b3 {[%emt 0:00:46]} Re8 {[%emt 0:00:45]} 11. Bb2 {[%emt 0:00:47]} Bf8 {[%emt 0:01:19]} 12. Qc2 {[%emt 0:01:35]} c6 {[%emt 0:02:22]} 13. Rad1 {[%emt 0:01:09]} Qc7 {[%emt 0:00:22]} 14. d5 {[%emt 0:05:53]} a6 {[%emt 0:03:08]} 15. Nh4 {[%emt 0:09:44]} Rbc8 {[%emt 0:02:03]} 16. Qe2 {[%emt 0:02:44]} g6 {[%emt 0:03:03]} 17. Bh3 {[%emt 0:08:19]} Rcd8 {[%emt 0:06:07]} 18. Ng2 {[%emt 0:02:15]} Bg7 {[%emt 0:05:13]} 19. dxc6 {[%emt 0:01:25]} Bxc6 {[%emt 0:00:05]} 20. Nd5 {[%emt 0:00:18]} Qb7 {[%emt 0:01:37]} 21. f3 {[%emt 0:00:52]} b5 {[%emt 0:01:30]} 22. Nge3 {[%emt 0:00:21]} bxc4 {[%emt 0:03:52]} 23. Bxd7 {[%emt 0:03:40]} Rxd7 {[%emt 0:03:15]} 24. Qxc4 {[%emt 0:00:15]} Rc8 {[%emt 0:04:37]} 25. Qe2 {[%emt 0:03:34]} Nxd5 {[%emt 0:02:22]} 26. Nxd5 {[%emt 0:00:05]} f5 {[%emt 0:04:15]} 27. Ba3 {[%emt 0:01:22]} Bb5 {[%emt 0:05:13]} 28. Qf2 {[%emt 0:04:33]} Rf7 {[%emt 0:14:13]} 29. exf5 {[%emt 0:09:42]} gxf5 {[%emt 0:05:25]} 30. Bxd6 {[%emt 0:00:49]} e4 {[%emt 0:00:38]} 31. fxe4 {[%emt 0:02:58]} fxe4 {[%emt 0:00:18]} 32. Qb6 {[%emt 0:03:32]} Qxb6+ {[%emt 0:05:31]} 33. Nxb6 {[%emt 0:00:05]} Rc2 {[%emt 0:01:25]} 34. Bf4 {[%emt 0:10:27]} Bd3 {[%emt 0:00:32]} 35. Nd5 {[%emt 0:00:06]} Bd4+ {[%emt 0:01:24]} ({Much worse is} 35... Rxa2 36. Nb4 $16) 36. Kh1 {[%emt 0:00:11]} Bf2 {[%emt 0:03:27]} 37. Nb4 {[%emt 0:00:34]} Be2 {[%emt 0:01:23]} 38. Nxc2 {[%emt 0:00:11]} (38. Rd8+ $11 Rf8 39. Rxf8+ Kxf8 40. Kg2 (40. Bh6+ Kf7 $11) 40... Bf3+ 41. Kf1) 38... Bf3# 0-1

[Event "CZE-ch Open 2018"]
[Site "Ostrava"]
[Date "2018.05.03"]
[Round "6"]
[White "Obsivac, Josef"]
[Black "Stepan, Patrik"]
[Result "1/2-1/2"]
[WhiteElo "2330"]
[BlackElo "2207"]
[Annotator "ChessBase"]
[PlyCount "98"]
[EventDate "2018.??.??"]
[EventCountry "CZE"]
[SourceTitle "playchess.com"]
[Source "ChessBase"]
[SourceQuality "1"]
[TimeControl "40/5400+30:900+30"]

1. d4 {[%emt 0:02:34]} Nf6 {[%emt 0:00:05]} 2. c4 {[%emt 0:00:41]} e6 {[%emt 0:00:05]} 3. Nf3 {[%emt 0:00:06]} b6 {[%emt 0:00:03]} 4. g3 {[%emt 0:00:43]} Ba6 {[%emt 0:00:05]} 5. Qc2 {[%emt 0:00:25]} Bb7 {[%emt 0:00:27]} 6. Bg2 {[%emt 0:00:17]} c5 {[%emt 0:00:04]} 7. d5 {[%emt 0:00:27]} exd5 {[%emt 0:00:05]} 8. O-O {[%emt 0:06:12]} Nc6 {[%emt 0:18:46]} 9. cxd5 {[%emt 0:01:47]} Nb4 {[%emt 0:01:12]} 10. Qd1 {[%emt 0:03:44]} Bxd5 {[%emt 0:08:15]} 11. Nc3 {[%emt 0:13:30]} Bb7 {[%emt 0:05:28]} 12. e4 {[%emt 0:02:33]} d6 {[%emt 0:01:24]} 13. Nh4 {[%emt 0:08:42]} Nc6 {[%emt 0:21:03]} 14. Re1 {[%emt 0:02:47]} Be7 {[%emt 0:03:01]} 15. Nf5 {[%emt 0:05:07]} O-O {[%emt 0:01:08]} 16. Bg5 {[%emt 0:03:25]} Ne8 {[%emt 0:03:50]} 17. Nxe7+ {[%emt 0:08:02]} Nxe7 {[%emt 0:00:01]} 18. e5 {[%emt 0:04:41]} d5 {[%emt 0:00:34]} 19. Bxd5 {[%emt 0:03:54]} Rb8 {[%emt 0:00:01]} 20. Bg2 {[%emt 0:03:27]} Qxd1 {[%emt 0:02:12]} 21. Raxd1 {[%emt 0:00:08]} Ng6 {[%emt 0:02:00]} 22. Rd7 {[%emt 0:03:30]} Bxg2 {[%emt 0:00:06]} 23. Kxg2 {[%emt 0:00:05]} f6 {[%emt 0:02:16]} 24. exf6 {[%emt 0:03:48]} gxf6 {[%emt 0:00:01]} 25. Bh6 {[%emt 0:03:37]} Rf7 {[%emt 0:00:08]} 26. Red1 {[%emt 0:00:26]} Ne5 {[%emt 0:07:37]} 27. Rxf7 {[%emt 0:00:11]} Kxf7 {[%emt 0:01:02]} 28. Bf4 {[%emt 0:02:22]} Ke6 {[%emt 0:01:48]} 29. Bxe5 {[%emt 0:04:12]} fxe5 {[%emt 0:01:02]} 30. Ne4 {[%emt 0:00:16]} h6 {[%emt 0:03:05]} 31. Kf3 {[%emt 0:00:20]} Rb7 {[%emt 0:01:32]} 32. Rd8 {[%emt 0:01:57]} Rf7+ {[%emt 0:00:09]} 33. Ke2 {[%emt 0:03:48]} Nf6 {[%emt 0:01:38]} 34. Rd6+ {[%emt 0:02:21]} Ke7 {[%emt 0:00:19]} 35. Rxf6 {[%emt 0:00:08]} Rxf6 {[%emt 0:00:01]} 36. Nxf6 {[%emt 0:00:12]} Kxf6 {[%emt 0:00:01]} 37. Ke3 {[%emt 0:00:25]} Kf5 {[%emt 0:01:24]} 38. f3 {[%emt 0:00:13]} c4 {[%emt 0:06:50]} 39. g4+ {[%emt 0:05:56]} Ke6 {[%emt 0:00:11]} 40. f4 {[%emt 0:01:13]} b5 {[%emt 0:21:47]} 41. a3 {[%emt 0:02:49]} a5 {[%emt 0:00:00]} 42. fxe5 {[%emt 0:02:13]} Kxe5 {[%emt 0:00:00]} 43. h4 {[%emt 0:00:08]} b4 {[%emt 0:00:00]} 44. a4 {[%emt 0:00:27]} c3 {[%emt 0:00:00]} 45. bxc3 {[%emt 0:00:15]} bxc3 {[%emt 0:00:00]} 46. Kd3 {[%emt 0:00:32]} Kf4 {[%emt 0:00:00]} 47. g5 {[%emt 0:01:28]} hxg5 {[%emt 0:00:00]} 48. hxg5 {[%emt 0:00:10]} Kxg5 {[%emt 0:00:00]} 49. Kxc3 {[%emt 0:00:10]} Kf6 {[%emt 0:00:00]} 1/2-1/2